| 000 | 00000nam 2200000za 4500 |
| 001 | 9.816812 |
| 003 | CaOODSP |
| 005 | 20250527151634 |
| 007 | cr ||||||||||| |
| 008 | 160503s1922 oncao|||o f000 0 eng d |
| 040 | |aCaOODSP|beng |
| 043 | |an-cn-- |
| 086 | 1 |aA12-2/7-1922E-PDF |
| 086 | |aA54-16/21-1922E-PDF |
| 100 | 1 |aGibson, Arthur. |
| 245 | 10|aInsects affecting greenhouse plants |h[electronic resource] / |cby Arthur Gibson and W.A. Ross. |
| 260 | |aOttawa : |bDept. of Agriculture : |bEntomological Branch, |c1922. |
| 300 | |a63 p. : |bill. |
| 490 | 1 |aBulletin, New series ; |vno. 7 |
| 490 | 0 |aEntomological bulletin ; |vno. 21 |
| 500 | |aTitle from cover. |
| 500 | |a"June 1922." |
| 500 | |aHistorical publication digitized from Agriculture and Agri-Food Canada collection. |
| 504 | |aIncludes bibliographical references. |
| 504 | |aIssued also in French under title: Insectes qui nuisent aux plantes de serre. |
| 692 | 07|2gccst|aPests |
| 692 | 07|2gccst|aInsects |
| 710 | 1 |aCanada. |bDepartment of Agriculture. |
| 710 | 1 |aCanada.|bDivision of Entomology. |
| 775 | 08|tInsectes qui nuisent aux plantes de serre / |w(CaOODSP)9.905292 |
| 830 | #0|aBulletin (Canada. Department of Agriculture)|vno. 7|w(CaOODSP)9.812039 |
| 856 | 40|qPDF|s6.86 MB|uhttps://publications.gc.ca/collections/collection_2016/aac-aafc/agrhist/A12-2-7-1922-eng.pdf |